| 000 | 00769aam a2200253 4500 | ||
|---|---|---|---|
| 005 | 20161018162952.0 | ||
| 008 | 150305b xxu||||| |||| 00| 0 spa d | ||
| 041 | _aEspañol | ||
| 082 | _a1.3.4 F363p | ||
| 100 |
_aFernández Gómez, Carmen _927478 |
||
| 100 |
_aBlanco Castro, Ana _927479 |
||
| 245 | _aProducción y venta de servicios turísticos en agencias de viajes | ||
| 260 |
_aEspaña _bSíntesis _c2003 |
||
| 300 | _a303 páginas | ||
| 650 |
_aAGENCIA DE VIAJES _927480 |
||
| 650 |
_aPRODUCTO TURÍSTICO _9931 |
||
| 650 |
_aMEDIOS DE TRANSPORTE _92553 |
||
| 650 |
_aTURISMO RURAL _91917 |
||
| 650 |
_aTARIFAS _927422 |
||
| 650 |
_aALOJAMIENTO _99744 |
||
| 650 |
_aSERVICIOS TURÍSTICOS _91080 |
||
| 650 |
_aSEGUROS DE VIAJE _927481 |
||
| 942 | _cBK | ||
| 999 |
_c1609 _d1609 |
||